00345nam a2200157Ia 45000010006000000050017000060080041000230410008000640820020000721000024000922450018001162600009001343000028001436500008001716540008001791908220260306171718.0260306s9999||||xx |||||||||||||| ||und|| aESP a658.8bK77 2017 aKotler, PhilipeAUT 0aMarketing 3.0 c2017 a221 páginas :c22 cm. aGEN aCAN